Les relations internationales de 1800 à 1871 (notice n° 1568464)
[ vue normale ]
| 000 -LEADER | |
|---|---|
| fixed length control field | 01607cam a2200133 4500500 |
| 005 - DATE AND TIME OF LATEST TRANSACTION | |
| control field | 20251214004338.0 |
| 041 ## - LANGUAGE CODE | |
| Language code of text/sound track or separate title | fre |
| 042 ## - AUTHENTICATION CODE | |
| Authentication code | dc |
| 100 10 - MAIN ENTRY--PERSONAL NAME | |
| Personal name | Pellistrandi, Benoît |
| Relator term | author |
| 245 00 - TITLE STATEMENT | |
| Title | Les relations internationales de 1800 à 1871 |
| 260 ## - PUBLICATION, DISTRIBUTION, ETC. | |
| Name of publisher, distributor, etc. | Armand Colin,<br/> |
| Date of publication, distribution, etc. | 2021.<br/> |
| 520 ## - SUMMARY, ETC. | |
| Summary, etc. | Entre 1800 et 1871, les relations entre les peuples et les États se transforment sous l'effet des conséquences idéologiques de la Révolution française et de la croissance européenne qui pose les fondements d'un rayonnement mondial. Après le tourbillon napoléonien, l'Europe connaît des aménagements politiques fixés par le congrès de Vienne (1814). Confrontées à l'émergence des nationalités, aux unités italienne et allemande, au recul de l'Empire ottoman, les grandes puissances diplomatiques - le Royaume-Uni, la France, la Russie, l'Autriche - élaborent des politiques parfois communes, le plus souvent antagonistes. Elles expriment les profondes rivalités géopolitiques qui les opposent entre elles. En 1871, la carte politique de l'Europe traduit ces déplacements de puissance, fruits des soixante années écoulées. Le monde entier est le théâtre de ces affrontements européens. L'ouverture de l'Asie, l'exploration et la colonisation de l'Afrique donnent lieu à des incidents fréquents. En Amérique, l'émancipation des colonies espagnoles et l'affirmation des États-Unis n'empêchent pas l'influence européenne de se faire sentir. |
| 856 41 - ELECTRONIC LOCATION AND ACCESS | |
| Uniform Resource Identifier | <a href="https://shs.cairn.info/les-relations-internationales-de-1800-a-1871--9782200629830?lang=fr&redirect-ssocas=7080">https://shs.cairn.info/les-relations-internationales-de-1800-a-1871--9782200629830?lang=fr&redirect-ssocas=7080</a> |
Pas d'exemplaire disponible.




Réseaux sociaux